La evaluación informatizada en la Educación Física de la E.S.O.

Uloženo v:
Podrobná bibliografie
Hlavní autor: Martínez López, Emilio J. (autor)
Médium: Kniha
Jazyk:španělština
Vydáno: Barcelona, España: Paidotribo, 2001.
Témata:
Tagy: Přidat tag
Žádné tagy, Buďte první, kdo vytvoří štítek k tomuto záznamu!

MARC

LEADER 00000cam a2200000 a 4500
001 UCN2859
003 CL-VaPUC
005 20240819160912.0
008 010608t20010000SP |||||||||||||||||spa|d
040 |c Pontificia Universidad Católica de Valparaíso 
082 0 7 |a 796.07 MAR 2001  |2 22 
100 |a Martínez López, Emilio J.  |e autor  |9 553960 
245 1 3 |a La evaluación informatizada en la Educación Física de la E.S.O. 
260 |a Barcelona, España:  |b Paidotribo,  |c 2001. 
300 |a 310 páginas. 
500 |a Incluye CD-ROM 
583 |a last modification  |c 20120614 11:15:27  |k Rodrigo Vera 
650 0 |a Educación física  |9 240893 
650 0 |a Aplicaciones de computadores  |9 260401 
650 7 |a ENTRENAMIENTO ATLETICO  |2 CL-VaPUC  |9 459075 
650 0 |a Software  |9 387312 
942 |c BK  |2 ddc 
945 |d 20010608 00:00:00  |a cmena 
999 |c 295879  |d 295877 
952 |0 0  |1 0  |4 0  |6 796_070000000000000_MAR_2001  |7 0  |8 A  |9 349299  |a BIBEDU  |b BIBEDU  |d 2019-11-20  |i 3722856  |o 796.07 MAR 2001  |p 3722856  |r 2019-11-20  |w 2019-11-20  |y BK  |k EFI 
952 |0 0  |1 0  |4 0  |6 796_070000000000000_MAR_2001  |7 0  |8 A  |9 349300  |a BIBEDU  |b BIBEDU  |d 2019-11-20  |i 3753395  |o 796.07 MAR 2001  |p 3753395  |r 2019-11-20  |w 2019-11-20  |y BK  |k EFI 
952 |0 0  |1 0  |4 0  |6 796_070000000000000_MAR_2001  |7 0  |8 A  |9 349301  |a BIBEDU  |b BIBEDU  |d 2019-11-20  |i 4783808  |o 796.07 MAR 2001  |p 4783808  |r 2019-11-20  |w 2019-11-20  |y BK  |k EFI 
952 |0 0  |1 0  |4 0  |6 796_070000000000000_MAR_2001  |7 0  |8 A  |9 349302  |a BIBEDU  |b BIBEDU  |d 2019-11-20  |i 4876989  |o 796.07 MAR 2001  |p 4876989  |r 2019-11-20  |w 2019-11-20  |y BK  |k EFI 
952 |0 0  |1 0  |4 0  |6 796_070000000000000_MAR_2001  |7 0  |8 A  |9 349303  |a BIBEDU  |b BIBEDU  |d 2019-11-20  |i 4876997  |o 796.07 MAR 2001  |p 4876997  |r 2019-11-20  |w 2019-11-20  |y BK  |k EFI